| 000 | 00000nam##2200000za#4500 |
| 001 | 9.570491 |
| 003 | CaOODSP |
| 005 | 20220302142616 |
| 007 | cr ||||||||||| |
| 008 | 150406|2006||||xxc|||||o f|0| 0 eng|d |
| 040 | |aCaOODSP|beng |
| 043 | |an-cn--- |
| 086 | 1 |aIu182-2/2006-D-22E-PDF |
| 110 | 1 |aCanada. |bIndustry Canada. |bMicro-Economic Policy Analysis Branch. |
| 245 | 10|aInternational faculty in Canada : |h[electronic resource]|ban exploratory study / |c[by] Julia Richardson, Ken McBey, Steve McKenna. |
| 260 | |aOttawa - Ontario : |bIndustry Canada. |
| 300 | |a101p.|bfigs. (some coloured), graphs |
| 490 | 1 |aSkills Research Initiative - Working paper series|v2006 D-22 |
| 504 | |aBibliography. |
| 546 | |a(Résumé en français.) |
| 590 | |a12-10-Supp|b2012-03-23 |
| 720 | 1 |aRichardson, Julia |
| 720 | 1 |aMcBey, Ken |
| 720 | 1 |aMcKenna, Steve |
| 830 | #0|aSkills Research Initiative working paper series ;|v2006 D-22|w(CaOODSP)9.506390 |
| 856 | 40|ahttp://publications.gc.ca|qPDF|s812 KB|uhttps://publications.gc.ca/collections/collection_2011/ic/Iu182-2-2006-D-22-eng.pdf|y2006 D-22 |
| 986 | |aIC 60046 |